Hospitality foodservice, beverage, accommodation.
| Previous Title: | Hospitality accommodation Fine food ... Hospitality foodservice |
|---|---|
| Format: | Electronic Newspaper |
| Language: | English |
| Published: |
Prahran, Vic. :
Peter Isaacson Publications Pty Ltd.,
1996-
|
| Subjects: | |
| Online Access: | Full text available from Research Library: 09/01/2005 to 04/30/2017 |
MARC
| LEADER | 00000nas a22000001a 4500 | ||
|---|---|---|---|
| 001 | ssj0000948586 | ||
| 003 | WaSeSS | ||
| 005 | 20200512172242.0 | ||
| 006 | m d | ||
| 007 | cr n | ||
| 008 | 960925c19969999vramr n s 0 a0eng d | ||
| 022 | |l 1328-021X |y 1328-021X | ||
| 035 | |a (WaSeSS)ssj0000948586 | ||
| 040 | |a SSL |b eng |c SSL |d VSL |d VVUT |d ANL |d WaSeSS | ||
| 042 | |a anuc | ||
| 043 | |a u-at--- | ||
| 050 | 1 | 4 | |a TX943 |b .H67 |
| 082 | 0 | 4 | |a 647.9594005 |2 21 |
| 130 | 0 | |a Hospitality (Prahran, Vic. : 1996) | |
| 222 | 0 | |a Hospitality |b (Prahran, Vic. :1996) | |
| 245 | 1 | 0 | |a Hospitality |h [electronic resource] : |b foodservice, beverage, accommodation. |
| 246 | 3 | 3 | |a Hospitality |
| 246 | 3 | 7 | |a Hospitality foodservice |
| 260 | |a Prahran, Vic. : |b Peter Isaacson Publications Pty Ltd., |c 1996- | ||
| 310 | |a Monthly | ||
| 362 | 0 | |a No. 499 (Mar. 1996)- | |
| 500 | |a Subtitle varies:no. 459 (Sept. 2000)- , Hospitality : foodservice, accommodation, beverage, entertainment. | ||
| 506 | |a License restrictions may limit access. | ||
| 515 | |a No. 614 June 2006 incorrectly marked no.601. | ||
| 650 | 0 | |a Australian newspapers |z Victoria |z Melbourne. | |
| 650 | 0 | |a Food service management |z Australia |v Periodicals. | |
| 650 | 0 | |a Restaurant management |z Australia |v Periodicals. | |
| 650 | 0 | |a Caterers and catering |z Australia |v Periodicals. | |
| 655 | 0 | |a Electronic journals. | |
| 752 | |a Australia |b Victoria |d Melbourne | ||
| 770 | 0 | |t Fine food Australia | |
| 780 | 0 | 5 | |t Hospitality accommodation |x 1037-146X |g 1996 |
| 780 | 0 | 5 | |t Fine food ... |g 2003 |
| 780 | 0 | 0 | |t Hospitality foodservice |x 1036-644X |
| 856 | 4 | 0 | |z Full text available from Research Library: 09/01/2005 to 04/30/2017 |u https://search.proquest.com/publication/42737 |